00405nam a2200145Ia 4500003000900000008004100009040001600050080001500066100002500081245005700106260003800163300001400201650002500215650001900240IN-BaIIA211028s9999 xx 000 0 eng d cIIA Library a681.3bMCC aMcCracken, D. Daniel 2aA Guide to IBM 1401 ProgrammingcDaniel D. McCracken aNew YorkbJohn Wiley & Sonsc1963 aviii,199p aComputer Programming aNASA Thesaurus